Několik poznámek k nové úpravě outsourcingu v pojišťovnictví

Hlavné prvky úpravy outsourcingu v rámci Solvency II. Skúsenosti a pravidlá outsourcingu pre činnosť poisťovní. Nové požiadavky na outsourcing v poisťovníctve. Smernica Európskeho parlamentu a Rady 2009/138/ES o prístupe k poisťovacej a zaisťovacej činnosti a jej výkonu.

Guardado en:
Detalles Bibliográficos
Autor principal: Husták, Zdeněk
Formato: Capítulo de libro
Lenguaje:checo
Materias:
Etiquetas: Agregar Etiqueta
Sin Etiquetas, Sea el primero en etiquetar este registro!

MARC

LEADER 00000naa a2200000 4500
001 0147788
005 20220729110414.2
041 0 |a cze 
044 |a CZ 
245 1 0 |a Několik poznámek k nové úpravě outsourcingu v pojišťovnictví  |c Zdeněk Husták 
520 |a Hlavné prvky úpravy outsourcingu v rámci Solvency II. Skúsenosti a pravidlá outsourcingu pre činnosť poisťovní. Nové požiadavky na outsourcing v poisťovníctve. Smernica Európskeho parlamentu a Rady 2009/138/ES o prístupe k poisťovacej a zaisťovacej činnosti a jej výkonu. 
610 2 0 |a poisťovníctvo 
610 2 0 |a poisťovne 
610 2 0 |a outsourcing 
610 2 0 |a Európska únia 
610 2 0 |a Európsky parlament 
610 2 0 |a Európska rada 
610 2 0 |a regulácia 
610 2 0 |a smernice 
100 1 |a Husták, Zdeněk